000 00917cab a22002415a 4500
001 L160033
008 150113e2016 xxk 000 0 eng d
035 _a(Sirsi) u160033
041 0 _aeng
050 _a333.72
100 1 _aHoyle, Martin
245 0 0 _aAdapting to change
_h[electronic resource]
260 _aLondon
_bRICS
_c2016
490 _aRICS Building Surveying Journal
_vMarch 2016 - April 2016, 14(1)
520 _aDiscusses opportunities in the renewable energy sector in the light of significant changes to government subsidies.
650 2 4 _aRENEWABLE ENERGY
650 2 4 _aSUBSIDIES
650 2 4 _aPOLICY
690 _aEnergy
_96237
856 4 0 _uhttps://www.rics.org/Global/BSJ-BCJ%20March-April%202016_v2.pdf
_zView the article free of charge at www.rics.org...
856 4 0 _uhttps://www.rics.org/Global/BSJ-BCJ%20March-April%202016_v2.pdf
_yAvailable free online via Issuu
942 _n0
_2ddc
999 _c85148
_d85148